| 000 | 00000nam##2200000za#4500 |
| 001 | 9.648018 |
| 003 | CaOODSP |
| 005 | 20210615112913 |
| 007 | ta |
| 008 | 150407|2001||||xxc||||| f|0| 0 eng|d |
| 020 | |a0-662-29921-3 |
| 040 | |aCaOODSP|beng |
| 043 | |an-cn--- |
| 086 | 1 |aC2-549/2001E |
| 110 | 1 |aCanada.|bIndustry Canada. |bInformation Highway Applications Branch. |
| 245 | 14|aThe E-learning evolution in colleges and universities : |ba pan-Canadian challenge |
| 260 | |aOttawa - Ontario : |bIndustry Canada. |c2001. |
| 300 | |axv, 125p. : |breferences ; |c25 cm. |
| 500 | |a"In this report, we discuss the opportunities that information and communications technologies, particularly the Internet, present to our post-secondary institutions. The development of online learning, and learners' rapid adoption of it, has sparked massive investments by institutions and corporations worldwide in this emerging market."--Page iii. |
| 563 | |aSoftcover |
| 590 | |a01-08|b2001-02-23 |
| 690 | 07|aEducational technology|2gcpds |
| 690 | 07|aPostsecondary education|2gcpds |
| 690 | 07|aKnowledge based economy|2gcpds |
| 690 | 07|aInternet|2gcpds |
| 775 | 08|tL'évolution de l'apprentissage en ligne dans les collèges et les universités : |w(CaOODSP)9.681404 |
| 776 | 0#|tThe e-learning e-volution in colleges and universities : |w(CaOODSP)9.686005 |
| 986 | |a53320E |